| 000 | 00623nam a22002057a 4500 | ||
|---|---|---|---|
| 999 |
_c9047 _d9047 |
||
| 003 | AR-CdUCM | ||
| 008 | 190327b ||||| |||| 00| 0 spa d | ||
| 020 | _a978-968-16-8079-4 | ||
| 040 |
_aMUNICIPALIDAD PROVINCIAL DEL CUSCO _cBIBLIOTECA MUNICIPAL DEL CUSCO |
||
| 082 |
_aSI-0031 / _bBRO / ram |
||
| 100 |
_aBrowne, Anthony _925011 |
||
| 245 | _aRamón preocupón / | ||
| 260 |
_aMéxico : _bFondo de Cultura Económica, _c2006. |
||
| 300 |
_bIlustraciones. _c27.5 cm. |
||
| 500 | _aPáginas sin numeración. | ||
| 650 |
_aCuentos infantiles _93927 |
||
| 650 |
_aSiglo XXI _92856 |
||
| 942 |
_2ddc _cLIBROS |
||
| 945 | _aafb | ||